| 000 | 00387nam a2200157Ia 4500 | ||
|---|---|---|---|
| 003 | 0STCL | ||
| 008 | 150530s9999 xx 000 0 und d | ||
| 040 |
_aSTCL _cSTCL |
||
| 100 | _aLaing, E.W; Mc Farlane, W. | ||
| 245 | _aSolving problems in dynamics electricity and magnetism | ||
| 260 | _c1972 | ||
| 546 | _aEnglish | ||
| 942 |
_2ddc _cBK |
||
| 999 |
_c27715 _d27715 |
||
| 005 | 20220125170114.0 | ||